Püspökválasztó evangelikus közgyülés

Program zhromaždenia košického I. evanjelického a.v. cirkevného zboru, ktoré sa uskutoční v Košiciach 5. februára 1911 a v programe je voľba biskupa

Podrobná bibliografia
Médium: Článok
Jazyk:Hungarian
Témy:
Zdroj: 1. Felsőmagyarország : Kassai Napló 1. Roč. 27, č. 25 (31.01.1911), s. 4
LEADER 01039nab#a2200325#ar4500
001 000081421
003 SVKKK
005 20061130090000.0
008 060804c1901 xo e huno
FMT
038 |a SVKKK 
040 |a SVKKK  |b slo  |e AACR2 
041 0 |a hun 
044 |a xo  |c SK 
080 |a 262.3  |2 1997 
080 |a 284.1  |2 1997 
242 1 0 |a Valné zhromaždenie evanjelickej cirkvi s voľbou biskupa 
245 0 0 |a Püspökválasztó evangelikus közgyülés 
500 |a Popis z mikrofilmu 
520 2 |a Program zhromaždenia košického I. evanjelického a.v. cirkevného zboru, ktoré sa uskutoční v Košiciach 5. februára 1911 a v programe je voľba biskupa 
650 0 4 |a evanjelický cirkevný zbor (1.)  |x zhromaždenie valné  |z Košice (Slovensko)  |x voľba biskupa  |y 5.02.1911 
773 0 |t Felsőmagyarország : Kassai Napló  |g Roč. 27, č. 25 (31.01.1911), s. 4 
957 |a Kassa p. Košice 
958 |a DG 
958 |a SK 
974 |a Ba 
992 |a RBX 
997 |a 802 
BAS
998 |a RETRO